Statistiken für 50 häufigste Wörter

Klicken Sie hier um das Quiz zu spielen!

Allgemein

  • Dieses Quiz wurde 350 mal gespielt
  • Das Durchschnittsergebnis liegt bei 27 aus 50

Antwortstatistiken

Wort% Korrekt
9Sie
93%
17Sie
93%
40Da
91%
15Er
91%
3Du
89%
7Es
89%
4Ich
89%
12Wir
88%
10Der
86%
6Die
85%
1Das
81%
8Und
75%
21Wie
70%
20Ja
68%
14Ein
67%
41Nein
66%
2Ist
63%
35War
58%
22Den
56%
42Bin
55%
28Eine
55%
39Habe
55%
16In
55%
11Was
53%
26So
52%
23Auf
48%
13Zu
48%
5Nicht
47%
38An
45%
32Sind
44%
49Kann
41%
19Mit
38%
45Uns
38%
36Haben
37%
25Dass
36%
18Mir
35%
30Hat
34%
50Dem
32%
44Dir
32%
33Von
32%
37Für
30%
27Hier
29%
34Dich
28%
24Mich
27%
29Wenn
27%
43Noch
26%
48Einen
22%
46Sich
19%
31All
18%
47Nur
17%

Verteilung der Resultate

Perzentil nach korrekt beantworteten Fragen

Anzahl Personen mit jedem Resultat

Ihre Resultats-Entwicklung

Sie haben dieses Quiz noch nicht gespielt